000 01031nam a22003137a 4500
003 CHAP
005 20220329141210.0
008 971010s1982 r 00010 d
010 _a64215
011 _a65187
035 _a71458
040 _cCHAP
082 0 4 _a551.490184
_bH3
100 0 0 _aHaan, C. T.
_eed.
_952072
245 1 _aHydrologyc modeling of small watersheds
260 _aSt. Joseph, Michigan :
_bAmerican Society of Agricultural Engineers,
_c1982
300 _a533 p.
_b: gráfs. ; mapas
590 _aBATCH-UPD
_b10
_c20130110
_lUCH01
_h0821
590 _aBATCH-UPD
_b10
_c20130410
_lUCH01
_h0459
590 _aBATCH-UPD
_b10
_c20130914
_lUCH01
_h1112
590 _aCONVERSION
_b10
_c20130109
_lUCH01
_h1335
650 1 4 _aCuencas.
_930085
650 1 4 _aHidrología
_xModelos matemáticos.
_955267
700 0 _aBrakensiek, D. L.
_eed.
_914999
700 0 _aJohnson, H. P.
_eed.
_961826
901 _aBK
942 _cLIBRO
949 _a551.490184 H3
_bBC
_cLIBRO
_d33724000456588
_eLIBRO
_gI.129134
_h67428
_i71458
_si
_t10.49
999 _c64215
_d64215